00563nam a2200217 a 450000100060000000300080000600500170001400800410003103500190007204000270009104100080011808200220012610000200014824500450016825000130021326000380022630000290026450000180029365000120031170000220032366087BD-RJUL20211209081511.0170314s1957 nyua b 001 0 eng  a(BD-RJUL)66217 aDLCcDLCdBD-RJULbeng aeng 223a580bWIB 19571 aWilson, Carl L 10aBotany /cCarl L Wilson; Walter E Loomis aRev. ed. aNewyork :bHolt, Rinehart,c1957. a528 p. :bill. ;c28 cm. ainclude index 0aBotany. aLoomis, Walter E